Statistics for Deadliest Wars in History

Click here to take the quiz!

General Stats

  • This quiz has been taken 480 times
  • The average score is 8 of 30

Answer Stats

Death TollWar% Correct
24.5 mWorld War I
100%
69.0 mWorld War II
100%
1.7 mVietnam War
68%
6.7 mRussian Civil War
57%
4.9 mNapoleonic Wars
52%
2.7 mHundred Years' War
49%
34.6 mMongol Conquests
43%
5.8 mThirty Years' War
42%
9.6 mChinese Civil War
37%
24.4 mTaiping Rebellion
30%
22.3 mSecond Sino-Japanese War
28%
3.6 mSecond Congo War
25%
1.7 mAfghanistan War
22%
1.5 mPunic Wars
22%
1.7 mCrusades
19%
24.3 mSpanish Conquest of the Aztec Empire
14%
8.4 mSpanish Conquest of the Inca Empire
14%
37.9 mThree Kingdoms War
13%
25.0 mQing Conquest of the Ming
11%
21.6 mAn Lushan Rebellion
10%
1.7 mNigerian Civil War
7%
7.0 mReconquista
6%
4.5 mYellow Turban Rebellion
6%
9.7 mDungan Revolt
5%
1.4 mSudanese Civil War
5%
3.0 mBangladesh Liberation War
4%
12.6 mConquests of Timur
2%
1.7 mMfecane
1%
5.6 mMughal-Maratha Wars
1%
5.0 mMoorish Wars
0%

Score Distribution

Percentile by Number Answered

Percent of People with Each Score

Your Score History

You have not taken this quiz